Представление документа в формате RUSMARC

ПолеНазваниеЗначение
  Тип записи a
  Библиографический уровень a
001 Контрольный номер RU/УОНБ/EK_KRAY/320898332
005 Дата корректировки 20240131015226.4
100 Данные общей обработки __
a Данные общей обработки 20031207d2003 u u0rusy0103 ba
101 Язык документа 0_
a Язык текста rus
200 Заглавие и сведения об ответственности 1_
a Заглавие Распоряжение
e Сведения, относящиеся к заглавию от 3 нояб. 2003 г.
210 Выходные данные 1_
d Дата издания 2003
330 Аннотация __
a Аннотация Перечень земельных участков, в том числе - Ульяновской области, на которые у Российской Федерации возникает право собственности.
461 Уровень набора _0
1 2001
a Собрание законодательства Российской Федерации
463 Уровень физической единицы _0
1 2000
a № 45.
v С. 10690-10705.
1 210
d 2003
607 Географические рубрики 0_
a Географическое наименование Ленинский район
607 Географические рубрики 0_
a Географическое наименование Засвияжский район г. Ульяновска
607 Географические рубрики 0_
a Географическое наименование Карсун, рабочий поселок (Карсунский район ; Ульяновская область)
607 Географические рубрики 0_
a Географическое наименование Димитровград, город
607 Географические рубрики 0_
a Географическое наименование Кузоватово, рабочий поселок (Кузоватовский район ; Ульяновская область)
607 Географические рубрики 0_
a Географическое наименование Сенгилей, город
607 Географические рубрики 0_
a Географическое наименование Майна, рабочий поселок (Майнский район ; Ульяновская область)
607 Географические рубрики 0_
a Географическое наименование Новая Малыкла, село (Новомалыклинский район ; Ульяновская область)
607 Географические рубрики 0_
a Географическое наименование Чердаклы, рабочий поселок (Чердаклинский район ; Ульяновская область)
610 Ключевые слова 0_
a Ключевые слова земельные участки
610 Ключевые слова 0_
a Ключевые слова правовой режим земель
610 Ключевые слова 0_
a Ключевые слова собственность на землю
610 Ключевые слова 0_
a Ключевые слова распоряжения Правительства РФ
686 Индексы других классификаций __
a Классификационный индекс 0Б(2)
2 Код системы rubbk
710 Наименование организации. (Первичная ответственность) 01
a Организация/ юрисдикция Российская Федерация
b Другие уровни Правительство
801 Источник записи _0
a Страна RU
b Организация Ульяновская ОНБ
c Дата составления 20031207
g Правила каталогизации PSBO
801 Источник записи _1
a Страна RU
b Организация Ульяновская ОНБ
c Дата составления 20031207
901 Тип документа __
t Тип документа b
909 Создатель записи __
a Создатель записи
938 Служебная информация __
a Имя БД kraeved_work
b Имя библиотеки УОНБ
c Имя АИБС МАРК-SQL
d Номер DOC_ID в БД 42246